Nutritional requirements of cultured cells Edited by Hajim Katsuta
Guardado en:
| Formato: | Libro |
|---|---|
| Lenguaje: | Undetermined |
| Publicado: |
Tokyo
Japan Scientific Societies Press
1987
|
| Materias: | |
| Etiquetas: |
Agregar Etiqueta
Sin Etiquetas, Sea el primero en etiquetar este registro!
|
| Thư viện lưu trữ: | Trung tâm Học liệu Trường Đại học Cần Thơ |
|---|
| LEADER | 00632nam a2200181Ia 4500 | ||
|---|---|---|---|
| 001 | CTU_127246 | ||
| 008 | 210402s9999 xx 000 0 und d | ||
| 082 | |a 599.087028 | ||
| 082 | |b N976 | ||
| 245 | 0 | |a Nutritional requirements of cultured cells | |
| 245 | 0 | |b Edited by Hajim Katsuta | |
| 260 | |a Tokyo | ||
| 260 | |b Japan Scientific Societies Press | ||
| 260 | |c 1987 | ||
| 650 | |a Cell culture,Culture media (Biology),Tissue culture,Mammals,Cells, Cultured | ||
| 650 | |x Congresses,Congresses,Congresses,Cytology,Congresses,Metabolism,Congresses | ||
| 904 | |i Hiếu | ||
| 980 | |a Trung tâm Học liệu Trường Đại học Cần Thơ | ||